书目信息 |
| 题名: |
达洛卫夫人
|
|
| 作者: | 伍尔夫 著 ;孙梁 , 苏美 译 | |
| 分册: | ||
| 出版信息: | 上海 上海译文出版社 2007.07 |
|
| 页数: | 185页 | |
| 开本: | 21cm | |
| 丛书名: | 译文名著文库 | |
| 单 册: | ||
| 中图分类: | I561.45 | |
| 科图分类: | ||
| 主题词: | 长篇小说--chang pian xiao shuo--英国--现代 | |
| 电子资源: | ||
| ISBN: | 978-7-5327-4322-3 | |
| 000 | 01191nam 2200289 450 | |
| 001 | 012008074023 | |
| 005 | 20080602083915.35 | |
| 010 | @a978-7-5327-4322-3@dCNY12.00 | |
| 100 | @a20080602d2007 em y0chiy0120 ea | |
| 101 | 1 | @achi@ceng |
| 102 | @aCN@b310000 | |
| 105 | @ay z 000ay | |
| 106 | @ar | |
| 200 | 1 | @a达洛卫夫人@Ada luo wei fu ren@d= Mrs. Dalloway@f(英) 弗吉尼亚·伍尔夫著@F(ying)fu ji ni ya·wu er fu zhu@g孙梁, 苏美译@Gsun liang,su mei yi@zeng |
| 210 | @a上海@c上海译文出版社@d2007.07 | |
| 215 | @a185页@d21cm | |
| 225 | 2 | @a译文名著文库@Ayi wen ming zhu wen ku@v110 |
| 330 | @a本书描写了一位议员夫人一天的活动过程。全书以主人公为核心,以她的生日晚宴为枢纽,突出地塑造了两个截然不同的典型:代表上流社会及习惯势力的“大医师”布雷德肖和平民出生的史密斯,同时对当时英国社会的上层阶级中形形式式的人物做了入木三分的刻画。 | |
| 410 | 0 | @12001 @a译文名著文库 |
| 500 | 10 | @aMrs. Dalloway@mChinese |
| 606 | 0 | @a长篇小说@Achang pian xiao shuo@y英国@z现代 |
| 690 | @aI561.45@v4 | |
| 701 | 1 | @a伍尔夫@Awu er fu@g(Woolf, Virginia)@4著 |
| 702 | 0 | @a孙梁@Asun liang@4译 |
| 702 | 0 | @a苏美@Asu mei@4译 |
| 801 | 0 | @aCN@bQSSK@c20080602 |
| 905 | @b722013-15@dI561.45@eW935@f3 | |
| 达洛卫夫人= Mrs. Dalloway/(英) 弗吉尼亚·伍尔夫著/孙梁, 苏美译.-上海:上海译文出版社,2007.07 |
| 185页;21cm.-(译文名著文库;110) |
| ISBN 978-7-5327-4322-3:CNY12.00 |
| 本书描写了一位议员夫人一天的活动过程。全书以主人公为核心,以她的生日晚宴为枢纽,突出地塑造了两个截然不同的典型:代表上流社会及习惯势力的“大医师”布雷德肖和平民出生的史密斯,同时对当时英国社会的上层阶级中形形式式的人物做了入木三分的刻画。 |
| ● |
| 相关链接 |
|
|
|
正题名:达洛卫夫人
索取号:I561.45/W935
 
预约/预借
| 序号 | 登录号 | 条形码 | 馆藏地/架位号 | 状态 | 备注 |
| 1 | 722013 | 207220130 | 社科二线400B/400B社科库 6排3列3层/ [索取号:I561.45/W935] | 在馆 | |
| 2 | 722014 | 207220149 | 文学库116/116文学库 22排1列1层/ [索取号:I561.45/W935] | 在馆 | |
| 3 | 722015 | 207220158 | 文学库116/116文学库 22排1列1层/ [索取号:I561.45/W935] | 在馆 |